[Event "Match"]
[Site "www.echecsemail.com"]
[Date "2018.11.15"]
[Round "1"]
[White "Logout"]
[Black "Ketchuplover"]
[WhiteElo "1819"]
[BlackElo "1980"]
[Result "1-0"]
[Round "1"]
1.e4 c6
2.d4 d5
3.exd5 cxd5
4.Nb1c3 Ng8f6
5.Bc1e3 a6
6.Bf1d3 Nf6g4
7.Ng1f3 Ng4xe3
8.fxe3 g6
9.O-O Bf8g7
10.e4 e6
11.exd5 exd5
12.Rf1e1 Bc8e6
13.Qd1d2 O-O
14.Nc3e2 Nb8c6
15.b3 Ra8c8
16.c4 dxc4
17.Bd3xc4 b5
18.Bc4xe6 fxe6
19.Qd2e3 Rf8e8
20.Ra1d1 h6
21.Qe3e4 Qd8f6
22.Ne2f4 Nc6d8
23.Nf4xg6 Rc8c7
24.d5 Rc7c3
25.d6 Nd8c6
26.d7 Re8d8
27.Ng6f4 e5
28.Nf4d5 { resign }
1-0

[Event "Match"]
[Site "www.echecsemail.com"]
[Date "2018.11.15"]
[Round "1"]
[White "Tonino1"]
[Black "Gidgud"]
[WhiteElo "2140"]
[BlackElo "2320"]
[Result "1/2-1/2"]
[Round "1"]
1.d4 Ng8f6
2.f4 d6
3.e3 g6
4.Bf1d3 Bf8g7
5.Ng1f3 O-O
6.O-O Nb8c6
7.c3 Bc8g4
8.h3 Bg4xf3
9.Qd1xf3 e5
10.Nb1d2 exd4
11.exd4 d5
12.Qf3f2 Qd8d7
13.Nd2f3 Nf6e4
14.Qf2c2 Ra8e8
15.Nf3e5 Nc6xe5
16.fxe5 f5
17.b3 c5
18.Bc1a3 b6
19.Bd3xe4 fxe4
20.dxc5 Rf8xf1
21.Ra1xf1 Bg7xe5
22.cxb6 d4
23.cxd4 Qd7xd4
24.Kh1 axb6
25.Rf1d1 Qd4e3
26.Ba3d6 Qe3g3
27.Bd6xe5 Qg3xe5
28.Qc2c4 Qe5e6
29.Kg1 Qe6xc4
30.bxc4 Re8c8
31.Rd1d4 Rc8a8
32.Rd4xe4 Ra8xa2
{ draw }
1/2-1/2

[Event "Tourn. n9939"]
[Site "www.echecsemail.com"]
[Date "2018.11.15"]
[Round "1"]
[White "Darko10"]
[Black "Numanoid"]
[WhiteElo "2850"]
[BlackElo "2560"]
[Result "1/2-1/2"]
[Round "1"]
1.d4 e6
2.c4 d5
3.Nb1c3 Ng8f6
4.cxd5 Nf6xd5
5.e4 Nd5xc3
6.bxc3 c5
7.Ng1f3 cxd4
8.cxd4 Bf8b4
9.Bc1d2 Bb4xd2
10.Qd1xd2 O-O
11.Bf1c4 Nb8d7
12.O-O b6
13.a4 Bc8b7
14.Bc4d3 e5
15.Qd2e3 exd4
16.Nf3xd4 Nd7c5
17.Bd3c2 g6
18.Rf1e1 Rf8e8
19.f3 Qd8f6
20.e5 Qf6h4
21.f4 Ra8d8
22.Ra1d1 Qh4g4
23.Qe3f2 Nc5e6
24.Nd4xe6 Qg4xe6
25.f5 Qe6e7
26.Rd1xd8 Re8xd8
27.e6 fxe6
28.Re1xe6 Qe7g5
29.fxg6 Qg5xg2
30.Qf2xg2 Bb7xg2
31.gxh7 Kh8
32.Re6e7 a5
33.Re7e6 Bg2f3
34.Re6xb6 Bf3d1
35.Bc2e4 Bd1xa4
36.Rb6a6 Ba4b5
37.Ra6xa5 Bb5d3
38.Be4f3 { draw }
1/2-1/2

[Event "Tourn. n9829"]
[Site "www.echecsemail.com"]
[Date "2018.11.15"]
[Round "1"]
[White "Cal"]
[Black "Passaroa25"]
[WhiteElo "1620"]
[BlackElo "1610"]
[Result "1-0"]
[Round "1"]
1.Ng1f3 Nb8c6
2.d4 d5
3.h3 Bc8e6
4.e3 f6
5.a3 Be6f7
6.Nb1c3 e6
7.Bc1d2 Ng8e7
8.b4 a6
9.Nc3a4 b5
10.Bf1d3 Ne7g6
11.Na4b2 Bf8d6
12.O-O Qd8d7
13.Bd3xg6 Bf7xg6
14.Qd1c1 O-O
15.Nf3h4 Bg6f7
16.f4 f5
17.Nb2d3 g6
18.c3 Ra8d8
19.Rf1f3 Qd7e7
20.Rf3g3 Qe7xh4
21.Rg3g5 Qh4h6
22.Kh2 Bd6e7
23.Rg5g3 Be7h4
24.Rg3f3 Bh4e7
25.Nd3f2 Rd8a8
26.Rf3g3 Qh6g7
27.a4 bxa4
28.Ra1xa4 Be7h4
29.c4 Bh4xg3
30.Kxg3 Nc6e7
31.c5 c6
32.h4 h5
33.Kh3 Rf8c8
34.Bd2c3 Kf8
35.g3 Rc8b8
36.Nf2d3 Qg7g8
37.Nd3e5 Bf7e8
38.Qc1a3 Ne7c8
39.Ra4a5 Rb8b5
40.Ra5xa6 Ra8xa6
41.Qa3xa6 Qg8g7
42.Qa6xc8 Ke7
43.Qc8c7 Kf8
44.Qc7d6 Qg7e7
45.Qd6xe7 Kxe7
46.Ne5f3 Kd7
47.Nf3g5 Ke7
48.e4 dxe4
49.d5 exd5
50.Ng5h7 Kd7
51.Nh7f6 Ke7
52.Kg2 Rb5b8
53.Bc3e5 Rb8xb4
54.Nf6g8 Ke6
55.Be5d6 Rb4b2
56.Kf1 Rb2h2
57.Ng8e7 Kd7
58.Ne7g8 Ke6
59.Ng8e7 Rh2h3
60.Kg2 Rh3xg3
61.Kxg3 Kf7
62.Ne7c8 Ke6
63.Bd6e5 Kd7
64.Nc8b6 Ke6
65.Nb6c8 Be8d7
66.Nc8b6 e3
67.Kf3 e2
68.Kxe2 d4
69.Be5xd4 Bd7e8
70.Kd3 Kf7
71.Bd4e5 Ke6
72.Kd4 Ke7
73.Nb6c8 Kf7
74.Nc8d6 Kf8
75.Nd6c4 Kf7
76.Nc4d6 Ke7
77.Be5g7 Be8d7
78.Bg7e5 Ke6
79.Nd6c4 Kf7
80.Nc4b6 Bd7e8
81.Be5h8 Ke6
82.Nb6c8 Kd7
83.Nc8b6 Ke6
84.Nb6c8 Be8d7
85.Nc8d6 Ke7
86.Ke5 Kf8
87.Kf6 Kg8
88.Bh8g7 Kh7
89.Nd6f7 Bd7e8
90.Nf7e5 Kg8
91.Bg7h6 Kh7
92.Bh6g5 Kg8
93.Ke7 Be8f7
94.Ne5xf7 Kh7
95.Kd6 Kg7
96.Ke6 Kh7
97.Kf6 Kg8
98.Kxg6 Kf8
99.Nf7d8 { resign }
1-0

[Event "Tourn. n9939"]
[Site "www.echecsemail.com"]
[Date "2018.11.15"]
[Round "1"]
[White "Dougbeer"]
[Black "Tartan"]
[WhiteElo "2250"]
[BlackElo "2600"]
[Result "1-0"]
[Round "1"]
1.e4 c5
2.Nb1c3 g6
3.f4 Bf8g7
4.Ng1f3 Nb8c6
5.Bf1b5 Nc6d4
6.O-O Nd4xb5
7.Nc3xb5 d6
8.d3 Ng8f6
9.Qd1e1 O-O
10.f5 gxf5
11.Qe1g3 fxe4
12.Bc1h6 Bc8g4
13.Bh6xg7 Kxg7
14.dxe4 Kh8
15.e5 dxe5
16.Qg3xe5 Qd8d7
17.c4 a6
18.Nb5c7 Ra8c8
19.Nc7d5 Qd7e6
20.Qe5c3 Kg8
21.Ra1e1 Nf6xd5
22.cxd5 Qe6d6
23.Nf3e5 Bg4h5
24.Ne5c4 Qd6d8
25.d6 e6
26.Qc3g3 Bh5g6
27.Re1d1 Rc8c6
28.d7 f6
29.h4 Kh8
30.Nc4e5 Rc6c7
31.h5 Bg6xh5
32.Qg3h4 Bh5xd1
33.Ne5g6 Kg7
34.Ng6xf8 { resign }
1-0

[Event "Match"]
[Site "www.echecsemail.com"]
[Date "2018.11.15"]
[Round "1"]
[White "Biohazard"]
[Black "Krystek23"]
[WhiteElo "2820"]
[BlackElo "2560"]
[Result "1-0"]
[Round "1"]
1.b3 e5
2.Bc1b2 Nb8c6
3.e3 Ng8f6
4.c4 d5
5.cxd5 Nf6xd5
6.a3 b6
7.Bf1b5 Qd8d6
8.Ng1f3 Bc8d7
9.Bb5xc6 Bd7xc6
10.Bb2xe5 Qd6g6
11.O-O Bf8d6
12.Be5xd6 Qg6xd6
13.d4 O-O
14.Nb1d2 Bc6b7
15.b4 a5
16.bxa5 Ra8xa5
17.Nd2c4 Qd6f6
18.Nc4xa5 bxa5
19.Ra1c1 g6
20.Rc1c5 Qf6b6
21.Nf3e5 Qb6a6
22.Qd1b3 a4
23.Qb3c2 Qa6d6
24.Qc2xa4 Bb7c8
25.Qa4c2 Bc8e6
26.a4 Rf8b8
27.Rf1b1 Rb8e8
28.a5 Kg7
29.Rc5c6 Qd6f8
30.Qc2c1 f6
31.e4 fxe5
32.exd5 Be6xd5
33.Rc6xc7 Kh8
34.dxe5 Re8d8
35.Rb1b6 Qf8f5
36.Qc1a1 Bd5e6
37.a6 h5
38.a7 Rd8f8
39.Rb6b8 Qf5xf2
40.Kh1 { resign }
1-0

[Event "Tourn. n9973"]
[Site "www.echecsemail.com"]
[Date "2018.11.15"]
[Round "1"]
[White "Ranjachess"]
[Black "Iko"]
[WhiteElo "1810"]
[BlackElo "1830"]
[Result "1-0"]
[Round "1"]
1.d4 d5
2.Nb1c3 Bc8e6
3.Bc1f4 Nb8c6
4.e3 Qd8d7
5.Bf1b5 a6
6.Bb5xc6 Qd7xc6
7.Ng1f3 O-O-O
8.Nf3g5 h6
9.Ng5xe6 Qc6xe6
10.O-O g5
11.Bf4g3 Ng8f6
12.Bg3e5 Bf8g7
13.Qd1f3 g4
14.Qf3g3 Nf6e8
15.f4 f6
16.f5 Qe6b6
17.Qg3xg4 fxe5
18.f6 Kb8
19.fxg7 Rh8g8
20.Rf1f8 Ne8xg7
21.Rf8xd8 Rg8xd8
22.Qg4xg7 Qb6xb2
23.Ra1f1 Qb2xc3
24.Qg7xe5 Qc3xc2
25.Qe5xe7 Rd8c8
26.Qe7e6 Qc2xa2
27.Qe6xh6 a5
28.g4 Rc8g8
29.g5 a4
30.g6 a3
31.g7 Qa2c2
32.Rf1f8 Rg8xf8
33.gxf8Q Ka7
34.Qf8xa3 Kb8
35.Qh6f8 
1-0

[Event "Match"]
[Site "www.echecsemail.com"]
[Date "2018.11.15"]
[Round "1"]
[White "Hundegana"]
[Black "Apdash"]
[WhiteElo "2090"]
[BlackElo "2040"]
[Result "1-0"]
[Round "1"]
1.e4 c5
2.Ng1f3 Nb8c6
3.Bf1c4 e6
4.O-O d5
5.exd5 exd5
6.Rf1e1 Bf8e7
7.Bc4b5 Bc8d7
8.Bb5xc6 bxc6
9.Nf3g5 h6
10.Ng5f3 Ng8f6
11.Nf3e5 Qd8c7
12.Ne5xd7 Qc7xd7
13.d3 O-O
14.Nb1d2 Be7d6
15.Nd2f3 Ra8e8
16.Re1xe8 Rf8xe8
17.c3 Nf6g4
18.h3 Ng4e5
19.Nf3xe5 Bd6xe5
20.d4 cxd4
21.cxd4 Be5c7
22.Bc1e3 f5
23.Ra1c1 f4
24.Be3d2 Re8e4
25.Bd2c3 Qd7d6
26.f3 Re4e3
27.Rc1c2 Qd6e6
28.Kf2 Bc7d8
29.Kf1 Bd8b6
30.Bc3d2 Re3d3
31.Qd1e2 Qe6xe2
32.Kxe2 Rd3xd4
33.Rc2xc6 Kh7
34.b4 g5
35.a4 Rd4c4
36.Rc6xc4 dxc4
37.Bd2c3 Kg6
38.Kd2 Bb6e3
39.Kc2 Kf5
40.Bc3g7 Kg6
41.Bg7e5 Kf5
42.Be5h8 Ke6
43.Kc3 Kd5
44.Bh8g7 h5
45.Bg7f6 g4
46.hxg4 hxg4
47.fxg4 Be3f2
48.g5 Bf2e1
49.Kc2 Be1h4
50.Kd2 Ke4
51.b5 Kd5
52.a5 Kc5
53.b6 axb6
54.a6 Kc6
55.Kc3 b5
56.a7 Kb7
57.Kb4 Kxa7
58.Bf6d4 Ka6
59.g6 Bh4e1
60.Kc5 c3
61.g7 c2
62.Bd4b2 Be1c3
63.g8Q Kb7
64.Qg8h7 { resign }
1-0

[Event "Tourn. n9957"]
[Site "www.echecsemail.com"]
[Date "2018.11.15"]
[Round "1"]
[White "Louis"]
[Black "Pariolinius"]
[WhiteElo "2040"]
[BlackElo "1840"]
[Result "1-0"]
[Round "1"]
1.c4 Ng8f6
2.d4 c5
3.d5 e6
4.Nb1c3 exd5
5.cxd5 d6
6.e4 g6
7.Bf1d3 Bf8g7
8.Ng1f3 a6
9.O-O O-O
10.Bc1g5 Bc8g4
11.h3 Bg4d7
12.a3 b5
13.Qd1c1 c4
14.e5 dxe5
15.Bd3c2 h6
16.Bg5e3 Rf8e8
17.Rf1d1 a5
18.Nf3d2 Nb8a6
19.a4 Na6c7
20.axb5 Nf6xd5
21.Nd2xc4 Nd5xc3
22.bxc3 Nc7xb5
23.Bc2a4 Re8e6
24.Ba4xb5 Qd8c7
25.Rd1xd7 Qc7b8
26.Ra1b1 Qb8c8
27.Nc4b6 Re6xb6
28.Be3xb6 e4
29.Rd7d8 { resign }
1-0

[Event "1/128 Finale"]
[Site "www.chess-mail.com"]
[Date "2018.11.15"]
[Round "1"]
[White "Mitja"]
[Black "Wegaman"]
[WhiteElo "1970"]
[BlackElo "2040"]
[Result "1-0"]
[Round "1"]
1.d4 d5
2.e3 Ng8f6
3.c3 e6
4.h3 Bf8e7
5.Ng1f3 Nb8c6
6.Bf1b5 Bc8d7
7.Bb5a4 O-O
8.Ba4c2 Rf8e8
9.O-O Be7d6
10.b3 a6
11.Bc1b2 e5
12.Nf3xe5 Nc6xe5
13.dxe5 Bd6xe5
14.Nb1d2 c6
15.Ra1b1 b6
16.Nd2f3 Be5c7
17.Rf1e1 Qd8b8
18.c4 Bd7e6
19.cxd5 Be6xd5
20.Qd1e2 Nf6d7
21.Qe2d3 Bd5e4
22.Qd3c3 Nd7f6
23.Bc2xe4 Re8xe4
24.Re1d1 c5
25.Rd1d7 Re4e8
26.Rb1d1 Bc7d8
27.Rd7d5 Qb8c7
28.Rd5d7 Qc7c6
29.Nf3e5 Qc6e6
30.Rd7d6 Qe6c8
31.Ne5d7 Qc8c7
32.Nd7xf6 gxf6
33.Rd6xf6 Bd8xf6
34.Qc3xf6 { resign }
1-0

[Event "Fast Game"]
[Site "www.echecsemail.com"]
[Date "2018.11.15"]
[Round "1"]
[White "Erno"]
[Black "Zorkvonblitz"]
[WhiteElo "1599"]
[BlackElo "1599"]
[Result "1-0"]
[Round "1"]
1.Ng1f3 f5
2.e4 fxe4
3.Nf3g5 Ng8f6
4.d3 exd3
5.Bf1xd3 e5
6.Bd3xh7 d6
7.Bh7g6 Ke7
{ time. }
1-0

[Event "Tourn. n9981"]
[Site "www.echecsemail.com"]
[Date "2018.11.16"]
[Round "1"]
[White "Amaya"]
[Black "Hundegana"]
[WhiteElo "2100"]
[BlackElo "2070"]
[Result "0-1"]
[Round "1"]
1.d4 c5
2.c3 cxd4
3.cxd4 Qd8c7
4.e3 e6
5.Bf1d3 Ng8f6
6.Nb1d2 Bf8b4
7.f4 b6
8.Ng1f3 Bc8b7
9.O-O Qc7c6
10.Qd1e2 a6
11.Nf3e5 Qc6c7
12.g4 d6
13.g5 dxe5
14.gxf6 gxf6
15.dxe5 f5
16.Nd2c4 Rh8g8
17.Kf2 Rg8g2
{ resign }
0-1

[Event "Tourn. n9981"]
[Site "www.echecsemail.com"]
[Date "2018.11.16"]
[Round "1"]
[White "Apdash"]
[Black "Hundegana"]
[WhiteElo "2250"]
[BlackElo "2070"]
[Result "1-0"]
[Round "1"]
1.e4 c5
2.Ng1f3 Nb8c6
3.d4 cxd4
4.Nf3xd4 Nc6xd4
5.Qd1xd4 e6
6.Bf1c4 Qd8c7
7.Nb1c3 a6
8.O-O b5
9.Bc4b3 Bc8b7
10.Bc1g5 f6
11.Bg5h4 Ra8c8
12.Ra1d1 Bb7c6
13.Bh4g3 e5
14.Qd4d2 Bf8c5
15.Nc3d5 Bc6xd5
16.Qd2xd5 Ng8h6
17.Kh1 Qc7c6
18.f4 Nh6g4
19.Qd5f7 Kd8
20.Bb3e6 Ng4h6
21.Rd1xd7 Qc6xd7
22.Qf7xd7 { resign }
1-0

[Event "Tourn. n9998"]
[Site "www.echecsemail.com"]
[Date "2018.11.16"]
[Round "1"]
[White "Fantomas"]
[Black "Bojan"]
[WhiteElo "2150"]
[BlackElo "1960"]
[Result "0-1"]
[Round "1"]
1.e4 e5
2.Ng1f3 d6
3.Nb1c3 a6
4.Bf1c4 Nb8c6
5.O-O Bc8g4
6.h3 Bg4h5
7.g4 Bh5g6
8.d4 f6
9.d5 Nc6a5
10.Bc4d3 b6
11.Nf3h4 Bg6f7
12.f4 exf4
13.Nc3e2 f5
14.Nh4xf5 g6
15.Nf5d4 g5
16.Kg2 h5
17.Rf1h1 Qd8d7
18.Nd4f5 Na5b7
19.c4 Ng8e7
20.Ne2d4 Ne7xf5
21.Nd4xf5 Nb7c5
22.Bd3c2 O-O-O
23.b4 Nc5b7
24.Bc1b2 Rh8h7
25.Bb2f6 Rd8e8
26.Bf6xg5 c5
27.a3 Bf8g7
28.Ra1b1 Bg7e5
29.Qd1f3 Re8g8
30.Bg5xf4 Be5f6
31.Kf2 Bf7g6
32.Qf3e3 Bg6xf5
33.Qe3g3 hxg4
34.exf5 Bf6h4
{ resign }
0-1

[Event "Tourn. n9973"]
[Site "www.echecsemail.com"]
[Date "2018.11.16"]
[Round "1"]
[White "Osopanda"]
[Black "Picifarkinca"]
[WhiteElo "1840"]
[BlackElo "1670"]
[Result "0-1"]
[Round "1"]
1.e4 c6
2.d4 d5
3.Nb1d2 dxe4
4.Nd2xe4 Nb8d7
5.Ng1f3 Ng8f6
6.Bf1d3 e6
7.c4 Bf8e7
8.O-O O-O
9.Ne4xf6 Nd7xf6
10.Rf1e1 Qd8d6
11.d5 cxd5
12.cxd5 Rf8d8
13.Bc1g5 h6
 { time }
0-1

[Event "Tourn. n9974"]
[Site "www.echecsemail.com"]
[Date "2018.11.16"]
[Round "1"]
[White "Andychesston"]
[Black "Osopanda"]
[WhiteElo "2060"]
[BlackElo "1840"]
[Result "1-0"]
[Round "1"]
1.e4 c5
2.Ng1f3 Nb8c6
3.d4 cxd4
4.Nf3xd4 d6
5.Nb1c3 e5
6.Nd4b3 Bc8e6
7.Bf1b5 Ng8f6
8.Bc1g5 Bf8e7
9.Bg5xf6 Be7xf6
10.f3 O-O
11.Nc3d5 Be6xd5
12.exd5 Nc6d4
13.Nb3xd4 exd4
14.O-O a6
15.Bb5d3 g6
16.Qd1d2  { time }
1-0

[Event "Tourn. n9984"]
[Site "www.echecsemail.com"]
[Date "2018.11.16"]
[Round "1"]
[White "Fabos12"]
[Black "Fantomas"]
[WhiteElo "2020"]
[BlackElo "2150"]
[Result "0-1"]
[Round "1"]
1.d4 Ng8f6
2.c4 g6
3.Ng1f3 Bf8g7
4.Nb1c3 d5
5.cxd5 Nf6xd5
6.e4 Nd5b6
7.Bc1e3 O-O
8.Qd1d2 Bc8d7
9.h4 h5
10.Bf1d3 Bd7g4
11.Bd3c2 Nb6c4
12.Qd2c1 Nc4xe3
13.fxe3 c6
14.Nc3e2 Qd8b6
15.Ra1b1 { time. }
0-1

[Event "Tourn. n9988"]
[Site "www.echecsemail.com"]
[Date "2018.11.16"]
[Round "1"]
[White "Osopanda"]
[Black "Andychesston"]
[WhiteElo "1840"]
[BlackElo "2060"]
[Result "0-1"]
[Round "1"]
1.e4 e5
2.Ng1f3 Nb8c6
3.Nb1c3 d6
4.d4 Bc8g4
5.Bf1e2 Bg4xf3
6.Be2xf3 exd4
7.Nc3d5 Nc6e5
 { time }
0-1

[Event "Tourn. n9968"]
[Site "www.echecsemail.com"]
[Date "2018.11.16"]
[Round "1"]
[White "Dougbeer"]
[Black "Foxy100"]
[WhiteElo "2350"]
[BlackElo "2340"]
[Result "1/2-1/2"]
[Round "1"]
1.e4 e5
2.Bf1c4 Bf8c5
3.Ng1f3 d6
4.c3 Ng8f6
5.d4 exd4
6.cxd4 Bc5b4
7.Bc1d2 Bb4xd2
8.Nb1xd2 Nb8c6
9.O-O O-O
10.d5 Nc6e7
11.Ra1c1 Bc8d7
12.Rf1e1 Ne7g6
13.Qd1b3 Ra8b8
14.Qb3a3 a6
15.Nf3d4 Rf8e8
16.Bc4f1 h5
17.Qa3c3 Rb8c8
18.Qc3b4 Rc8b8
19.f3 h4
20.Nd2c4 Ng6f4
21.Nc4e3 Nf6h5
22.Rc1c2 Qd8g5
23.Qb4d2 Re8c8
24.Re1c1 Qg5d8
25.Qd2f2 g6
26.g3 Qd8f6
27.gxf4 Qf6xd4
28.f5 gxf5
29.Ne3xf5 Qd4xf2
30.Kxf2 Bd7xf5
31.exf5 Nh5f6
32.Rc2xc7 Rc8xc7
33.Rc1xc7 Nf6xd5
34.Rc7c4 Nd5e7
35.Rc4xh4 Kg7
36.Bf1d3 Rb8d8
37.Rh4b4 b5
38.a4 bxa4
39.Rb4xa4 Rd8b8
40.b4 Ne7c6
41.Ra4xa6 Nc6xb4
42.Ra6xd6 Nb4xd3
43.Rd6xd3 Rb8b5
44.Kg3 Rb5xf5
45.Kg4 Rf5b5
46.h4 Rb5b1
47.Rd3d5 Rb1g1
48.Kf5 Rg1f1
49.Rd5d3 Kh6
50.f4 Kh5
51.Rd3d7 Rf1c1
52.Rd7xf7 Rc1c5
53.Kf6 Kxh4
54.Kg6 Rc5c6
55.Rf7f6 Rc6c4
56.Kh6 Rc4c8
57.f5 Kg4
58.Rf6f7 Rc8c6
59.f6 Kf5
60.Kg7 Kg5
61.Rf7f8 Rc6b6
62.Rf8e8 Rb6xf6
{ draw }
1/2-1/2

[Event "Match"]
[Site "www.echecsemail.com"]
[Date "2018.11.16"]
[Round "1"]
[White "Micheles"]
[Black "Ericleo1980"]
[WhiteElo "2540"]
[BlackElo "1980"]
[Result "1-0"]
[Round "1"]
1.d4 Ng8f6
2.Ng1f3 d5
3.Bc1g5 Nb8d7
4.Nb1d2 c6
5.e3 e6
6.Bf1d3 Qd8b6
7.Ra1b1 Bf8d6
8.O-O Qb6c7
9.c4  { time }
1-0

[Event "Tourn. n9904"]
[Site "www.echecsemail.com"]
[Date "2018.11.16"]
[Round "1"]
[White "Kevinking"]
[Black "Ditto"]
[WhiteElo "1970"]
[BlackElo "1880"]
[Result "1-0"]
[Round "1"]
1.c4 e5
2.Nb1c3 Nb8c6
3.Ng1f3 Bf8c5
4.e3 d6
5.Bf1e2 Bc8f5
6.a3 Ng8f6
7.d3 O-O
8.Bc1d2 a6
9.Ra1b1 Bf5e6
10.b4 Bc5b6
11.O-O Nc6e7
12.Qd1c2 Ne7g6
13.Rf1c1 Nf6h5
14.Nf3xe5 Nh5f6
15.Ne5f3 c6
16.Nc3a4 Bb6c7
17.d4 d5
18.cxd5 Be6xd5
19.Na4c3 Bd5e6
20.e4 Be6g4
21.h3 Bg4c8
22.Bd2e3 Rf8e8
23.Be2d3 Qd8d6
24.e5 Qd6e7
25.exf6 Qe7xf6
26.Nc3e4 Qf6d8
27.Ne4c5 Qd8d6
28.Nc5e4 Qd6d5
29.Ne4g5 Qd5d6
30.Bd3c4 b5
31.Bc4xf7 Kh8
32.Bf7xe8 Bc8b7
33.Be8xg6 hxg6
34.Ng5f7 Kh7
35.Nf7xd6 Bc7xd6
36.Be3g5 Ra8f8
37.Nf3h4 Kg8
38.Qc2xg6 Bb7c8
39.Qg6xd6 Bc8b7
40.Rc1e1 { resign }
1-0

[Event "Match"]
[Site "www.echecsemail.com"]
[Date "2018.11.17"]
[Round "1"]
[White "Sonny1000"]
[Black "Jackbauer"]
[WhiteElo "1590"]
[BlackElo "1780"]
[Result "0-1"]
[Round "1"]
1.e4 c5
2.e5 e6
3.c4 Nb8c6
4.Qd1e2 Nc6d4
5.Qe2d1 Ng8e7
6.Nb1c3 g6
7.Qd1a4 Ne7c6
8.Nc3b5 Qd8a5
9.Qa4xa5 Nc6xa5
10.h4 Nd4c2
11.Kd1 Nc2xa1
12.Nb5c7 Kd8
13.h5 Kxc7
14.hxg6 fxg6
15.Rh1h4 Bf8e7
16.Rh4h6 Be7g5
17.Rh6h3 d6
18.Rh3f3 Na5c6
19.Rf3f7 Bc8d7
20.d4 Bg5xc1
21.Kxc1 Nc6xd4
22.exd6 Kxd6
23.Rf7f4 Ra8f8
24.Ng1h3 e5
25.Rf4e4 Bd7xh3
26.gxh3 Rf8xf2
27.Re4e1 Rh8f8
28.Re1xe5 Rf2xf1
29.Kd2 Kxe5
30.Ke3 Rf8f3
31.Kd2 Rf3xh3
{ resign }
0-1

[Event "Match"]
[Site "www.echecsemail.com"]
[Date "2018.11.17"]
[Round "1"]
[White "Bojan"]
[Black "Mitja"]
[WhiteElo "1960"]
[BlackElo "1910"]
[Result "0-1"]
[Round "1"]
1.e4 d5
2.exd5 Qd8xd5
3.Nb1c3 Qd5d8
4.g3 e6
5.Bf1g2 c6
6.d3 h6
7.f4 Ng8f6
8.Ng1f3 Bf8e7
9.Bc1e3 Nb8d7
10.h3 Nd7b6
11.b3 Nb6d5
12.Be3d2 Be7b4
13.Nc3xd5 Bb4xd2
14.Qd1xd2 Nf6xd5
15.O-O O-O
16.Ra1d1 a6
17.c4 Nd5b6
18.Nf3h2 Nb6d7
19.f5 exf5
20.Rf1xf5 Nd7f6
21.Rf5f2 Qd8b6
22.g4 Bc8d7
23.g5 hxg5
24.Qd2xg5 Ra8e8
25.d4 Nf6h7
26.Qg5g3 Re8e7
27.Kf1 Rf8e8
28.Rf2d2 Nh7f6
29.Nh2f3 Nf6e4
30.Qg3h4 Ne4xd2
31.Rd1xd2 f6
32.Qh4f4 Qb6b4
33.h4 Re7e4
34.Qf4g3 Re4e3
35.Qg3f2 Bd7g4
36.Kg1 Qb4d6
37.Nf3h2 Re3e2
38.Rd2xe2 Re8xe2
39.Qf2f1 Qd6g3
{ resign }
0-1

[Event "Match"]
[Site "www.echecsemail.com"]
[Date "2018.11.17"]
[Round "1"]
[White "Darknight"]
[Black "Paco"]
[WhiteElo "1970"]
[BlackElo "1980"]
[Result "0-1"]
[Round "1"]
1.e4 e5
2.Bf1c4 Ng8f6
3.d3 Bf8c5
4.h3 d5
5.exd5 Nf6xd5
6.Qd1f3 c6
7.Nb1c3 Bc8e6
8.Nc3e4 b5
9.Bc4b3 Bc5b6
10.a3 a5
11.a4 b4
12.Bb3xd5 cxd5
13.Ne4g3 Nb8c6
14.b3 O-O
15.Bc1e3 Nc6d4
16.Be3xd4 Bb6xd4
17.Ra1b1 Qd8b6
18.Ng1e2 Ra8c8
19.Ne2xd4 Qb6xd4
20.Qf3e2 Qd4c3
21.Kd1 e4
22.dxe4 dxe4
23.Ng3xe4 Rf8d8
24.Kc1 Qc3e5
25.g3 Be6d5
26.f3 Qe5e6
27.g4 Bd5xb3
28.Rb1b2 Bb3xa4
29.Qe2f2 Qe6e5
30.Rh1e1 Qe5f4
31.Kb1 Ba4c6
32.h4 Rc8b8
33.Ne4g5 a4
34.Qf2e2 a3
35.Rb2b3 h6
36.Ng5e4 Bc6d5
37.Rb3e3 a2
38.Ka1 Qf4e5
39.c3 b3
40.g5 b2
41.Qe2xb2 Rb8xb2
42.Kxb2 Rd8b8
43.Ka1 Qe5h2
44.gxh6 Qh2b2

0-1

[Event "Tourn. n9968"]
[Site "www.echecsemail.com"]
[Date "2018.11.17"]
[Round "1"]
[White "Dougbeer"]
[Black "Szustan"]
[WhiteElo "2350"]
[BlackElo "2580"]
[Result "1/2-1/2"]
[Round "1"]
1.e4 e5
2.Bf1c4 Ng8f6
3.d4 exd4
4.Ng1f3 Nb8c6
5.e5 d5
6.Bc4b5 Nf6e4
7.Nf3xd4 Bc8d7
8.Bb5xc6 bxc6
9.O-O Bf8c5
10.f3 Ne4g5
11.Bc1e3 Bc5b6
12.f4 Ng5e6
13.c3 c5
14.Nd4xe6 fxe6
15.f5 Qd8e7
16.f6 gxf6
17.exf6 Qe7f7
18.a4 c4
19.Qd1e2 Rh8f8
20.a5 Bb6xe3
21.Qe2xe3 Qf7g6
22.Nb1d2 Rf8xf6
23.Rf1xf6 Qg6xf6
24.Ra1f1 Qf6e7
25.Nd2f3 c5
26.Nf3e5 O-O-O
27.Rf1f7 Qe7d6
28.Qe3e2 d4
29.Ne5xc4 Qd6d5
30.Nc4e5 Bd7c6
31.Qe2a6 Bc6b7
32.Rf7xb7 { draw }
1/2-1/2

[Event "Tourn. n9979"]
[Site "www.echecsemail.com"]
[Date "2018.11.17"]
[Round "1"]
[White "Julian"]
[Black "Hansen"]
[WhiteElo "1690"]
[BlackElo "1600"]
[Result "0-1"]
[Round "1"]
1.e4 e5
2.Ng1f3 f6
3.d4 a6
4.dxe5 fxe5
5.Bf1c4 Ng8f6
6.Nb1c3 b5
7.Bc4d3 b4
8.Nc3d5 Nf6g4
 { time }
0-1

[Event "Tourn. n9988"]
[Site "www.echecsemail.com"]
[Date "2018.11.17"]
[Round "1"]
[White "Estonia"]
[Black "Bojan"]
[WhiteElo "1960"]
[BlackElo "1980"]
[Result "1-0"]
[Round "1"]
1.c4 g6
2.Ng1f3 Bf8g7
3.d4 d6
4.Nb1c3 Bg7f6
5.e4 c6
6.Bc1g5 h6
7.Bg5xf6 Ng8xf6
8.Bf1e2 Qd8b6
9.Qd1c2 Nb8a6
10.O-O Bc8g4
11.Ra1d1 Nf6h5
12.a3 Nh5f4
13.h3 Nf4xe2
14.Qc2xe2 Bg4xf3
15.gxf3 e5
16.d5 c5
17.Rd1d2 Qb6d8
18.Qe2e3 Qd8h4
19.Kh2 Na6c7
20.Rf1g1 h5
21.Nc3e2 O-O-O
22.f4 Qh4f6
23.fxe5 Qf6xe5
24.f4 Qe5e7
25.e5 Rd8g8
26.Ne2c3 a6
27.b4 b6
28.Nc3a4 Kb7
29.bxc5 bxc5
30.Qe3b3 Ka8
31.Qb3b6 Rg8b8
32.Qb6c6 Ka7
33.exd6 Qe7e3
34.Rd2g2 Qe3xf4
35.Kh1 Rh8c8
36.Qc6xc5 Ka8
37.Na4b6 Rb8xb6
38.Qc5xb6 Qf4xc4
39.Qb6c6 Qc4xc6
40.dxc6 Nc7b5
41.d7 Rc8d8
42.Rg2d2 Kb8
43.Rg1e1 Nb5xa3
44.Re1e7 Na3c4
45.Rd2a2 a5
46.Re7xf7 Kc7
47.Ra2c2 Nc4e5
48.Rf7f6 a4
49.Rf6e6 Ne5f3
50.Re6xg6 Nf3e5
51.Rg6e6 Ne5d3
52.Re6e8 Nd3b4
53.Re8xd8 Nb4xc2
54.Rd8c8 { resign }
1-0

[Event "Tourn. n9965"]
[Site "www.echecsemail.com"]
[Date "2018.11.17"]
[Round "1"]
[White "Julian"]
[Black "Passaroa25"]
[WhiteElo "1840"]
[BlackElo "1670"]
[Result "0-1"]
[Round "1"]
1.e4 Ng8f6
2.e5 Nf6d5
3.d4 e6
4.c4 Nd5b4
5.Nb1c3 c6
6.Ng1f3 h6
7.a3 Nb4a6
8.b4 Bf8e7
9.d5 O-O
10.Bc1b2 Qd8e8
11.d6 Be7d8
12.Bf1d3 g5
13.O-O g4
14.Nf3d4 h5
15.Nc3e4 f5
16.Ne4f6 Bd8xf6
 { time }
0-1

[Event "Match"]
[Site "www.echecsemail.com"]
[Date "2018.11.17"]
[Round "1"]
[White "Caspito"]
[Black "Darknight"]
[WhiteElo "1870"]
[BlackElo "1930"]
[Result "0-1"]
[Round "1"]
1.e4 e5
2.Ng1f3 d6
3.Bf1c4 h6
4.c3 Qd8e7
5.d3 Bc8g4
6.O-O Ng8f6
7.Bc1e3 a6
8.Nb1d2 Nb8d7
9.b4 g5
10.a4 c5
11.b5 a5
12.Qd1c1 b6
13.d4 Bf8g7
14.dxe5 dxe5
15.Qc1e1 Bg4xf3
16.Nd2xf3 Nf6xe4
17.Ra1a3 g4
18.Nf3d2 Ne4xd2
19.Be3xd2 O-O-O
20.Qe1e4 Nd7b8
21.Bd2f4 f6
22.Qe4f5 Kb7
23.Rf1e1 h5
24.g3 h4
25.Qf5xg4 h3
26.Bc4f1 Qe7d7
27.Qg4f3 Ka7
28.Bf4e3 Bg7f8
29.Bf1g2 hxg2
30.Qf3xg2 Bf8d6
31.c4 Qd7e6
32.Ra3c3 Rd8g8
33.Re1d1 e4
34.Rd1d5 f5
35.f4 Rh8h4
36.Kf1 Qe6f6
37.Qg2c2 Rh4h6
38.Qc2d2 Rg8d8
39.Kg2 Qf6h8
40.h4 Rh6g6
41.Kh3 Qh8g7
42.Be3f2 Rd8d7
43.Qd2e3 Bd6e7
44.Rd5xf5 Be7f6
45.Rc3b3 Bf6d4
46.Qe3e2 Bd4xf2
47.Qe2xf2 Rd7d8
48.Qf2e3 Rd8d4
49.h5 Rg6h6
50.Kh4 Rd4xc4
51.g4 Rc4xa4
52.g5 Qg7e7
53.Rb3b2 Ra4a1
54.Kg4 Rh6d6
55.g6 Ra1h1
56.Rf5f7 Qe7d7
57.f5 Rd6d1
58.Rf7xd7 Nb8xd7
59.Kg5 Rh1g1
60.Kh6 Nd7f6
61.Qe3f4 Nf6g4
62.Kh7 Rd1d7
63.Kh8 Ng4f6
64.h6 Rd7d8
65.Kg7 Nf6h5
66.Kh7 Nh5xf4
67.g7 Nf4h5
{ resign }
0-1

[Event "Tourn. n9992"]
[Site "www.echecsemail.com"]
[Date "2018.11.17"]
[Round "1"]
[White "Aperturaf"]
[Black "Apdash"]
[WhiteElo "2690"]
[BlackElo "2340"]
[Result "1-0"]
[Round "1"]
1.e4 e5
2.Ng1f3 Nb8c6
3.Bf1b5 Ng8e7
4.c3 a6
5.Bb5a4 g6
6.O-O Bf8g7
7.d4 exd4
8.cxd4 O-O
9.d5 Nc6e5
10.Nf3xe5 Bg7xe5
11.Nb1c3 b5
12.Ba4b3 c5
13.Bc1h6 Be5g7
14.Bh6xg7 Kxg7
15.d6 Ne7c6
16.Nc3d5 c4
17.Bb3c2 Qd8h4
18.f4 Bc8b7
19.e5 Nc6d8
20.Nd5f6 Bb7c6
21.f5 Qh4d4
22.Qd1xd4 Bc6xg2
23.e6 Nd8xe6
24.fxe6 Bg2xf1
25.Nf6e8 Kh6
26.Qd4h4 
1-0

[Event "Tourn. n10000"]
[Site "www.echecsemail.com"]
[Date "2018.11.17"]
[Round "1"]
[White "Drawlward"]
[Black "Apdash"]
[WhiteElo "2620"]
[BlackElo "2330"]
[Result "1-0"]
[Round "1"]
1.e4 c5
2.Nb1c3 Nb8c6
3.Ng1f3 d6
4.d4 cxd4
5.Nf3xd4 a6
6.Bc1e3 Ng8f6
7.f3 Nc6xd4
8.Qd1xd4 g6
9.O-O-O Qd8a5
10.Bf1c4 Bf8g7
11.Nc3d5 O-O
12.Nd5xe7 Kh8
13.Qd4xd6 Bc8e6
14.Bc4xe6 fxe6
15.Kb1 Qa5b5
16.e5 Nf6d5
17.Ne7xd5 exd5
18.Qd6xd5 Qb5e2
19.Rh1e1 Qe2xg2
20.e6 Qg2xh2
21.e7 Rf8c8
22.Qd5d8 { resign }
1-0

[Event "Tourn. n9976"]
[Site "www.echecsemail.com"]
[Date "2018.11.17"]
[Round "1"]
[White "Sbb"]
[Black "Cathar"]
[WhiteElo "2630"]
[BlackElo "2210"]
[Result "1-0"]
[Round "1"]
1.d4 Ng8f6
2.Ng1f3 e6
3.Bc1g5 h6
4.Bg5xf6 Qd8xf6
5.e4 d6
6.Nb1c3 g6
7.Qd1d2 Bf8g7
8.O-O-O Qf6e7
9.Bf1d3 a6
10.Rh1e1 Nb8d7
11.Nc3d5 Qe7d8
12.Nd5e3 b5
13.c3 Bc8b7
14.h4 c5
15.d5 exd5
16.exd5 O-O
17.h5 Nd7e5
18.Nf3xe5 Bg7xe5
19.Ne3g4 { resign }
1-0